| 000 | 01883cad a22002415a 4500 | ||
|---|---|---|---|
| 001 | L146998 | ||
| 008 | 090223s2009 fr d f s 000 0 eng d | ||
| 035 | _a(Sirsi) u146998 | ||
| 041 | 0 | _aeng | |
| 050 | 0 | 4 | _a333.33 $2 18 |
| 110 | 2 |
_aBNP Paribas Real Estate _95715 |
|
| 245 | 0 | 0 |
_aEuropean office market 2009 _h[electronic resource] |
| 260 |
_a[S.l] _bBNP Paribas Real Estate _c2009 |
||
| 490 | 0 |
_aAtisreal European Office Market _v2009 |
|
| 505 | 2 | _aOffice market -- Investment market -- Amsterdam -- Athens -- Barcelona -- Berlin -- Brussels -- Bucharest -- Cologne -- Dusseldorf -- Frankfurt -- Hamburg -- Kiev -- Lille -- Central London -- Luxembourg -- Lyon -- Madrid -- Manchester -- Marseille -- Milan -- Moscow -- Munich -- Central Paris -- Thames Valley -- The Hague -- Comparative economic performances - Understanding our data | |
| 520 | _aReports that the European Office Take-up Index continued to fall in Q4 2008, dropping by 19% over the whole year, following a peak in Q3 2007. However, some European markets performed better than others: the biggest falls were in The Hague and Madrid, where the markets fell respectively by 66% and 49% in 2008. The London market fell by 30%, with Paris and Amsterdam seeing falls of around 12%. The European Prime Rent Index was stable in 2008 due to lack of supply in Central Business Districts of the major cities. In London, however, a rise in supply has increased vacancy rates to over 5%, leading to the first fall in prime rent in Europe. The index fell by 2% at the end of the year, suggesting further falls in 2009. | ||
| 590 | _aKA | ||
| 650 | 2 | 4 | _aATISREAL EUROPEAN OFFICE MARKET |
| 651 | 4 | _aEurope | |
| 690 | _aPROPERTY-COMMERCIAL PROPERTY-COMMERCIAL PROPERTY MARKET | ||
| 856 | 4 | 0 |
_uhttps://www.atisreal.com/ _zView this report free of charge at www.atisreal.com (see market research section)... |
| 942 | _n0 | ||
| 999 |
_c109386 _d109386 |
||